Odpowiedź zaczyna się na literę S - Statystyki

Ogólne statystyki
  • Ten quiz został rozwiązany 46 razy
  • Średni wynik to 11 z 15
Statystyki odpowiedzi
Pytanie Odpowiedź % Poprawnych
Jaka jest największa pustynia w Afryce? Sahara
100%
Jaka seria filmów od Marvela opowiada o superbohaterze z pajęczymi mocami? Spider-Man
97%
Jaka planeta w Układzie Słonecznym jest znana ze swoich pierścieni? Saturn
95%
Jaką nazwę nosi okres w historii trwający od wynalezienia pisma do upadku Cesarstwa Zachodniorzymskiego? Starożytność
95%
Jakie jest największe miasto w Australii? Sydney
92%
Stolicą jakiego państwa jest Belgrad? Serbia
89%
Jakie miasto jest stolicą Korei Południowej? Seul
89%
Jaką nazwę nosi kwiat znany z tego że zawsze się zwraca ku słońcu? Słonecznik
82%
Jaką nazwę nosi zwierzę które jest rodzajem dużych ssaków naczelnych z podrodziny Homininae w obrębie rodziny człowiekowatych? Szympans
82%
Jak się nazywa pajęczak z jadowitym żądłem występujący głównie na pustyniach? Skorpion
74%
Jaką nazwę nosi gra platformowa stworzona przez Nintendo w 1985 roku opowiadająca o hydrauliku ratującym księżniczkę która zapoczątkowała całą wielką serię? Super Mario Bros
68%
Jak się nazywa przyrząd służący do łączenia papierów? Spinacz
53%
Jaką nazwę nosi producent gier komputerowych o jeżu Sonicu? Sega
39%
Jaki sport uprawia Tony Hawk? Skateboarding
39%
Jak się nazywa ptak o średniej wielkości z rodziny krukowatych? Sójka
16%
Nie znaleziono quizów pasujących do podanych kryteriów
Rozkład punktacji
Procent ludzi z każdym wynikiem
Percentyl według liczby udzielonych odpowiedzi
Twoja historia wyników
Nie rozwiązałeś tego quizu